Statistics for US States Anagram Puzzle

Click here to take the quiz!

General Stats

  • This quiz has been taken 1,412 times
  • The average score is 11 of 15

Answer Stats

HintAnswer% Correct
AMENAMaine
91%
VANEDVNevada
91%
MENTORAVermont
85%
EASTATexas
76%
FOLIARLFlorida
75%
MOWINGWyoming
73%
GONERROregon
67%
LEEWARDDDelaware
65%
SIMIOUSAMissouri
65%
BANKERSXNebraska
65%
YONKERWNew York
65%
CHIMINGWMichigan
64%
GNATHIONSYWashington
62%
YARDMANAMaryland
60%
MENTIONSOMinnesota
48%

Score Distribution

Percentile by Number Answered

Percent of People with Each Score

Your Score History

You have not taken this quiz